Let's make music : (Record no. 8964)

MARC details
000 -LEADER
fixed length control field 01137nam a22002657a 4500
001 - CONTROL NUMBER
control field 8964
003 - CONTROL NUMBER IDENTIFIER
control field FISKH
005 - DATE AND TIME OF LATEST TRANSACTION
control field 20260324084509.0
008 - FIXED-LENGTH DATA ELEMENTS--GENERAL INFORMATION
fixed length control field 251111b cb ||||| |||| 00| 0 eng d
040 ## - CATALOGING SOURCE
Original cataloging agency FISKH
Language of cataloging eng
Transcribing agency FISKH
Modifying agency FISKH
050 ## - LIBRARY OF CONGRESS CALL NUMBER
Classification number PZ7
082 ## - DEWEY DECIMAL CLASSIFICATION NUMBER
Classification number 781
100 ## - MAIN ENTRY--PERSONAL NAME
Personal name Wosmek, Frances
Relator term Author
245 ## - TITLE STATEMENT
Title Let's make music :
Remainder of title Houghton Mifflin reading program /
Statement of responsibility, etc. Frances Wosmek ; Illustrated by Andrzej Dudzinski
260 ## - PUBLICATION, DISTRIBUTION, ETC.
Place of publication, distribution, etc. Boston :
Name of publisher, distributor, etc. Houghton Mifflin ,
Date of publication, distribution, etc. 1981
300 ## - PHYSICAL DESCRIPTION
Extent 16 pages :
Other physical details color illustrations ;
Dimensions 24 cm
505 ## - FORMATTED CONTENTS NOTE
Formatted contents note G<br/>
520 ## - SUMMARY, ETC.
Summary, etc. Let’s Make Music is a simple, engaging book that introduces young readers to the joy of making sounds and rhythms. It shows how music can be created using voices, hands, and everyday objects like drums or bells. With clear, rhythmic sentences and colorful illustrations, the book encourages children to explore sound, clap, sing, and play together to make their own music.
521 8# - TARGET AUDIENCE NOTE
Target audience note 300<br/>
Source Lexile estimate<br/>
521 8# - TARGET AUDIENCE NOTE
Target audience note G<br/>
Source Raz-Plus<br/>
650 ## - SUBJECT ADDED ENTRY--TOPICAL TERM
Topical term or geographic name entry element Instruments
Form subdivision Music
700 ## - ADDED ENTRY--PERSONAL NAME
Personal name Dudzinski, Andrzej
Relator term Illustrator
942 ## - ADDED ENTRY ELEMENTS (KOHA)
Source of classification or shelving scheme Dewey Decimal Classification
Koha item type Books
Suppress in OPAC No
Holdings
Withdrawn status Lost status Source of classification or shelving scheme Damaged status Not for loan Home library Current library Shelving location Date acquired Total Checkouts Full call number Barcode Date last seen Copy number Price effective from Koha item type
    Dewey Decimal Classification     Footprints International School Library Network Toul Tom Poung Campus Footprints International School Library Network Toul Tom Poung Campus TTP Primary Green Bookshelves 11/11/2025   WOS 781 PZ7 FISBK072060 11/11/2025 1 11/11/2025 Books
    Dewey Decimal Classification     Footprints International School Library Network Toul Tom Poung Campus Footprints International School Library Network Toul Tom Poung Campus TTP Primary Green Bookshelves 03/24/2026   WOS 781 PZ7 FISBK072091 03/24/2026 2 03/24/2026 Books